[Event "It (open)"]
[Site "masterchessopen.com Prague (Czech Republic)"]
[Date "2011.01.08"]
[Round "2"]
[White "Nguyen Chi-Minh (FRA)"]
[Black "Westphal Wolfgang (GER)"]
[Result "0-1"]
[WhiteElo "2401"]
[BlackElo "2243"]

1.d4 Nf6 2.c4 e6 3.Nc3 Bb4 4.e3 b6 5.Ne2 Bb7 6.a3 Bxc3+ 7.Nxc3 O-O 8.f3 Nh5
9.g3 f5 10.Bg2 d6 11.e4 fxe4 12.fxe4 Qe8 13.Bf3 Nf6 14.O-O e5 15.d5 Bc8 16.Bg5
Bh3 17.Bg2 Bxg2 18.Kxg2 Nbd7 19.Qe2 Qg6 20.Bxf6 Nxf6 21.Rf5 Rf7 22.Raf1 Raf8
23.b4 a6 24.Qf3 h5 25.h3 h4 26.g4 Nh7 27.Qf2 Rxf5 28.exf5 Qh6 29.c5 bxc5
30.bxc5 Rb8 31.c6 Nf6 32.a4 Rb3 33.Qc2 Rb4 34.Qe2 Rd4 35.Qxa6 Qd2+ 36.Ne2 Nxd5
37.f6 Nf4+ 38.Rxf4 Rxf4 39.fxg7 Kxg7 40.Qb5 Rf7 {#R} 0-1

[Event "It (open) (students) (w)"]
[Site "masterchessopen.com Moscow (Russia)"]
[Date "2011.02.02"]
[Round "5"]
[White "Matveeva Olga (RUS)"]
[Black "Dogodkina Julia (RUS)"]
[Result "0-1"]
[WhiteElo "2227"]
[BlackElo "2159"]

1.d4 Nf6 2.c4 e6 3.Nc3 Bb4 4.e3 b6 5.Ne2 O-O 6.a3 Bxc3+ 7.Nxc3 Bb7 8.Bd3 d5
9.cxd5 exd5 10.b4 Re8 11.O-O Ne4 12.Nxe4 dxe4 13.Bc4 Bd5 14.Qb3 c6 15.b5 Bxc4
16.Qxc4 Qd5 17.Qxd5 cxd5 18.Bd2 Nd7 19.Rfc1 Rec8 20.Kf1 f5 21.Bb4 Rc4 22.Ke2
Rac8 23.Kd2 Nf6 24.h3 Kf7 25.Bd6 g6 26.Be5 Nd7 27.Bf4 Kf6 28.h4 Ke6 29.Bg5 Ra8
30.Rxc4 dxc4 31.Rc1 Kd5 32.Kc3 a6 33.bxa6 Rxa6 34.Kb4 b5 35.Kxb5 Rb6+ 36.Ka4
Rb3 37.Bd8 f4 38.exf4 Kxd4 39.g4 Nc5+ 40.Ka5 Nb7+ {#R} 0-1

[Event "Ch Berlin (qual)"]
[Site "masterchessopen.com Berlin (Germany)"]
[Date "2011.04.24"]
[Round "2"]
[White "Buttkus Andre (GER)"]
[Black "Duric Rajko (GER)"]
[Result "1-0"]
[WhiteElo "2071"]
[BlackElo "1795"]

1.d4 Nf6 2.c4 e6 3.Nc3 Bb4 4.e3 b6 5.Ne2 Bb7 6.a3 Be7 7.d5 O-O 8.Ng3 d6 9.Bd3
exd5 10.cxd5 g6 11.e4 Nfd7 12.O-O Ba6 13.Bxa6 Nxa6 14.Qe2 Nac5 15.Bh6 Re8
16.b4 Nb7 17.Nb5 a6 18.Nd4 Bg5 19.Bxg5 Qxg5 20.Qc2 Qd8 21.Rac1 Rc8 22.Qc6 Rb8
23.Qxc7 Qxc7 24.Rxc7 Ne5 25.f4 Nd3 26.Nc6 Kf8 27.Nxb8 Rxb8 28.Rc3 Nb2 29.Rb1
Na4 30.Rc7 Ke8 31.e5 b5 32.Ne4 {#r} 1-0

[Event "Tournament (Elo)"]
[Site "masterchessopen.com Sao Bernardo (Brazil)"]
[Date "2011.05.21"]
[Round "3"]
[White "Assef Nathaly Regina Reis (BRA)"]
[Black "Assis Claudio H J"]
[Result "0-1"]
[WhiteElo "1525"]
[BlackElo "1794"]

1.d4 Nf6 2.c4 e6 3.Nc3 Bb4 4.e3 b6 5.Ne2 Bb7 6.a3 Be7 7.Ng3 d5 8.cxd5 exd5
9.Bd3 Nbd7 10.Nf5 c5 11.Nxe7 Qxe7 12.O-O O-O 13.Qf3 Rfe8 14.Bd2 Ne4 15.Rad1
Ndf6 16.Bc1 Rac8 17.Ne2 Rc7 18.Nf4 c4 19.Bb1 Bc8 20.h3 Bb7 21.Nh5 Rc6 22.Bc2
Ba6 23.Rfe1 Rec8 24.Nxf6+ Rxf6 25.Qh5 Qe6 26.Bxe4 dxe4 27.Bd2 Bb7 28.Bc3 Bd5
29.Rd2 Rf5 30.Qh4 Qd7 31.Rc1 Rc6 32.Qg3 Qc8 33.Qg4 Rg6 34.Qd1 Rfg5 35.g3 Qxh3
36.Qa4 Rxg3+ {#R} 0-1

[Event "It (open)"]
[Site "masterchessopen.com Voronezh (Russia)"]
[Date "2011.06.16"]
[Round "5"]
[White "Zhigalko Andrey (BLR)"]
[Black "Tarlev Konstantin (UKR)"]
[Result "1-0"]
[WhiteElo "2555"]
[BlackElo "2526"]

1.d4 Nf6 2.c4 e6 3.Nc3 Bb4 4.e3 b6 5.Ne2 Ne4 6.Bd2 Nxd2 7.Qxd2 O-O 8.a3 Be7
9.g3 Bb7 10.e4 d6 11.Bg2 Nd7 12.O-O c5 13.d5 e5 14.Nc1 Bg5 15.Qc2 h5 16.Nd3 h4
17.Bh3 hxg3 18.hxg3 g6 19.f4 exf4 20.gxf4 Bf6 21.Rae1 Bd4+ 22.Kh2 Qh4 23.Nb5
Nf6 24.Nxd6 Ng4+ 25.Kg2 Ba6 26.Rf3 Rad8 27.Bxg4 Rxd6 28.Rg3 Kg7 29.Rh1 Qe7
30.e5 Rdd8 31.f5 Bxe5 32.Re1 f6 33.Nf4 {#r} 1-0

[Event "Tournament (open) (juniors) \"]
[Site "masterchessopen.com Kstovo (Russia)"]
[Date "2011.06.23"]
[Round "5"]
[White "Gorozhanin Mikhail (RUS)"]
[Black "Krivonogov A (RUS)"]
[Result "1-0"]
[WhiteElo "2220"]
[BlackElo "2246"]

1.d4 Nf6 2.c4 e6 3.Nc3 Bb4 4.e3 b6 5.Ne2 Bb7 6.a3 Be7 7.d5 Ba6 8.Nd4 c5 9.Ndb5
d6 10.dxe6 fxe6 11.Qf3 d5 12.cxd5 exd5 13.Nxd5 Nxd5 14.Qxd5 Qxd5 15.Nc7+ Kf7
16.Nxd5 Bxf1 17.Rxf1 Bd6 18.Ke2 Nc6 19.h3 Rhe8 20.Bd2 Re5 21.Nc3 Nd4+ 22.Kd3
Nb3 23.Rad1 Rd8 24.Kc2 c4 25.Ne2 Nc5 26.Bc3 Ree8 27.Rd4 {#r} 1-0

[Event "Memorial Braci Bieluczykow (b)"]
[Site "masterchessopen.com Bialystok (Poland)"]
[Round "1"]
[White "Cylwik Zbigniew (POL)"]
[Black "Trofimiuk Tomasz (POL)"]
[Result "1-0"]
[WhiteElo "1973"]
[BlackElo "1561"]

1.d4 Nf6 2.c4 e6 3.Nc3 Bb4 4.e3 b6 5.Ne2 Ne4 6.Qc2 Bb7 7.a3 Bxc3+ 8.Nxc3 f5
9.Nxe4 fxe4 10.Be2 O-O 11.O-O d6 12.b4 Rf6 13.Bb2 Rh6 14.c5 Nd7 15.c6 Qh4
16.h3 Bc8 17.cxd7 Bxd7 18.Qxc7 Rd8 19.Bg4 Bb5 20.d5 e5 21.Rfc1 Rf8 22.Rc2 Bd3
23.Rd2 Rhf6 24.Be6+ Kh8 25.g3 Qg5 26.Qxd6 h5 27.Qxe5 Qg6 28.h4 Qh6 29.Qg5 Qxg5
30.hxg5 Rg6 31.f4 exf3 32.Rxd3 Rxg5 33.Kf2 h4 34.Rh1 {#r} 1-0

[Event "Ch World (juniors) (under 20)"]
[Site "masterchessopen.com Chennai (India)"]
[Date "2011.08.02"]
[Round "1"]
[White "Swayams Mishra (IND)"]
[Black "Manigandan S S Ind (195)"]
[Result "1-0"]
[WhiteElo "2354"]
[BlackElo "2137"]

1.d4 Nf6 2.c4 e6 3.Nc3 Bb4 4.e3 b6 5.Ne2 Bb7 6.a3 Be7 7.d5 O-O 8.g3 Ne8 9.Bg2
c6 10.e4 d6 11.O-O Nc7 12.Be3 Nd7 13.b4 Ne5 14.Qb3 exd5 15.exd5 cxd5 16.cxd5
b5 17.a4 Qd7 18.axb5 Nxb5 19.Nxb5 Qxb5 20.Nd4 Qd7 21.Qa4 Bf6 22.Rfc1 Rfc8
23.Qxd7 Nxd7 24.Rxc8+ Bxc8 25.Rc1 Ne5 26.Nb5 Nd3 27.Rc7 Bf5 28.Nxd6 Be5
29.Nxf5 Bxc7 30.d6 Bxd6 31.Bxa8 Bxb4 32.Bxa7 {#r} 1-0

[Event "It (open)"]
[Site "masterchessopen.com Bratto (Italy)"]
[Date "2011.08.22"]
[Round "3"]
[White "David Alberto (LUX)"]
[Black "Bresciani Nicola (ITA)"]
[Result "1-0"]
[WhiteElo "2609"]
[BlackElo "2287"]

1.d4 Nf6 2.c4 e6 3.Nc3 Bb4 4.e3 b6 5.Ne2 Bb7 6.a3 Be7 7.d5 O-O 8.Ng3 d6 9.Be2
c6 10.e4 Na6 11.O-O Nc7 12.Bf3 Nd7 13.Bf4 cxd5 14.cxd5 e5 15.Be3 g6 16.Bh6 Re8
17.Bg4 Bf8 18.Be3 Bg7 19.Be2 h5 20.Bxh5 gxh5 21.Nf5 Nf8 22.Qxh5 Ng6 23.Bg5 Qd7
24.Nxg7 Kxg7 25.Qh6+ {#r} 1-0

[Event "It (open) \"]
[Site "masterchessopen.com Berlin (Germany)"]
[Date "2011.10.15"]
[Round "8"]
[White "Kollberg Lothar (GER)"]
[Black "Bubolz Konstantin (GER)"]
[Result "0-1"]
[WhiteElo "2237"]
[BlackElo "2127"]

1.d4 Nf6 2.c4 e6 3.Nc3 Bb4 4.e3 b6 5.Ne2 Ne4 6.Qc2 Bb7 7.a3 Bxc3+ 8.Nxc3 Nxc3
9.Qxc3 Qh4 10.d5 O-O 11.b4 exd5 12.Bb2 f6 13.cxd5 Bxd5 14.Qxc7 Nc6 15.Rd1 Rac8
16.Qg3 Qe4 17.Ba6 Nxb4 18.Bxc8 Nd3+ 19.Rxd3 Qxd3 20.Bxd7 Qb1+ 21.Kd2 Qxb2+
22.Kd3 Qxa3+ 23.Kd4 Qc5+ 24.Kd3 Bc4+ {#R} 0-1

[Event "It (open)"]
[Site "masterchessopen.com Skopje (Macedonia)"]
[Date "2011.10.30"]
[Round "7"]
[White "Petkov Vladimir (BUL)"]
[Black "Stojanovski Dejan (MKD)"]
[Result "1-0"]
[WhiteElo "2511"]
[BlackElo "2427"]

1.d4 Nf6 2.c4 e6 3.Nc3 Bb4 4.e3 b6 5.Ne2 Ne4 6.Bd2 Nxd2 7.Qxd2 Bb7 8.a3 Bxc3
9.Nxc3 d6 10.d5 e5 11.Bd3 Nd7 12.h4 Nc5 13.Bc2 a5 14.g4 Bc8 15.g5 a4 16.f4 Qe7
17.O-O-O O-O 18.Kb1 f5 19.h5 Bd7 20.Rde1 e4 21.Qd4 Rab8 22.Rh2 b5 23.cxb5 Bxb5
24.Reh1 Rf7 25.Nxb5 Rxb5 26.Bxa4 Rb6 27.Bc2 c6 28.dxc6 Qe6 29.Rd1 Rxc6 30.Qd5
Rcc7 31.Bb3 Rce7 {#r} 1-0

[Event "Tournament (open) \"]
[Site "masterchessopen.com St. Petersburg (Russia)"]
[Date "2011.10.30"]
[Round "3"]
[White "Gorjunov Sergey (RUS)"]
[Black "Myshkin Nikita (RUS)"]
[Result "0-1"]
[WhiteElo "2087"]
[BlackElo "2255"]

1.d4 Nf6 2.c4 e6 3.Nc3 Bb4 4.e3 b6 5.Ne2 Bb7 6.a3 Be7 7.Ng3 h5 8.f3 h4 9.Nge4
Nxe4 10.fxe4 d6 11.Bd3 Nd7 12.b4 Bf6 13.Bb2 c5 14.Nb5 Qb8 15.Bc2 a6 16.Nc3 Qc7
17.bxc5 bxc5 18.e5 dxe5 19.d5 Nb6 20.dxe6 Bxg2 21.exf7+ Kf8 22.Kf2 h3 23.Re1
Qxf7 24.Kg1 Rd8 25.Qg4 Rh4 26.Qg3 Qxc4 {#R} 0-1

[Event "Ch England (team) 2011/12 (3 div)"]
[Site "masterchessopen.com England"]
[Date "2011.11.13"]
[Round "2"]
[White "Singleton Michael P F (ENG)"]
[Black "Mladenov Ilian (BUL)"]
[Result "1-0"]
[WhiteElo "2164"]
[BlackElo "2212"]

1.d4 Nf6 2.c4 e6 3.Nc3 Bb4 4.e3 b6 5.Ne2 Bb7 6.a3 Bxc3+ 7.Nxc3 d6 8.Bd3 c5
9.O-O O-O 10.b4 Nbd7 11.Bb2 Qe7 12.Qe2 e5 13.d5 e4 14.Bc2 Rfc8 15.b5 Re8 16.f3
exf3 17.Rxf3 Ne5 18.Rg3 Ng6 19.Rf1 Bc8 20.h4 Ne5 21.Rxf6 Qxf6 22.Ne4 Qxh4
23.Qf2 Ng4 24.Nf6+ gxf6 25.Rxg4+ Qxg4 26.Qxf6 Kf8 27.Qxd6+ Re7 28.Qh6+ Ke8
29.Qc6+ Qd7 30.Qxa8 Rxe3 31.Bf6 h5 32.d6 Qg4 33.Qc6+ Kf8 34.Be7+ Kg8 35.Qe8+
{#r} 1-0

[Event "It \"]
[Site "masterchessopen.com Rijeka (Croatia)"]
[Date "2011.11.18"]
[Round "8"]
[White "Glavas Dragan (CRO)"]
[Black "Monjac Mislav (CRO)"]
[Result "1-0"]
[WhiteElo "2320"]
[BlackElo "2013"]

1.d4 Nf6 2.c4 e6 3.Nc3 Bb4 4.e3 b6 5.Ne2 Bb7 6.a3 Bd6 7.d5 Qe7 8.g3 exd5 9.Bg2
O-O 10.O-O Be5 11.cxd5 d6 12.f4 Bxc3 13.Nxc3 Nbd7 14.e4 Rab8 15.Re1 Rfe8 16.b4
a6 17.Ra2 b5 18.Rae2 Nb6 19.Qd3 h6 20.Bb2 Nc4 21.Ba1 Ba8 22.Nd1 Rbd8 23.Ne3
Nxe3 24.Rxe3 Rc8 25.Bh3 Rcd8 26.Qc3 Rb8 27.Bg2 Rbd8 28.Qd4 Rb8 29.g4 Red8
30.h4 Rbc8 31.g5 hxg5 32.hxg5 Ne8 33.e5 dxe5 34.Rxe5 Qf8 35.Bh3 Rb8 36.g6 Nf6
37.gxf7+ Kh8 38.Be6 {#r} 1-0

[Event "Ch Slovakia (team) 2011/12 (2 liga) (c)"]
[Site "masterchessopen.com Slovakia"]
[Date "2011.12.04"]
[Round "6"]
[White "Holuczy Martin"]
[Black "Haring Viktor"]
[Result "0-1"]
[WhiteElo "2016"]
[BlackElo "1964"]

1.d4 Nf6 2.c4 e6 3.Nc3 Bb4 4.e3 b6 5.Ne2 Bb7 6.a3 Bd6 7.f3 e5 8.d5 c6 9.Ng3
cxd5 10.cxd5 a6 11.Be2 g6 12.O-O O-O 13.e4 Ne8 14.Bh6 Ng7 15.Bd3 Bc5+ 16.Kh1
Qh4 17.Qd2 Qe7 18.Rae1 f6 19.Nce2 b5 20.f4 d6 21.fxe5 dxe5 22.b4 Bb6 23.Nc1
Nd7 24.Nb3 Rfc8 25.Rc1 Ne8 26.Qe2 Nd6 27.h4 Nf7 28.Be3 f5 29.Bxb6 Qxh4+ 30.Kg1
Nxb6 31.Rxc8+ Rxc8 32.Rf3 Ng5 33.Nc5 Nxf3+ 34.Qxf3 fxe4 35.Ngxe4 Rf8 36.Qe2
Bxd5 37.Nc3 Qd4+ {#R} 0-1

[Event "It (w)"]
[Site "masterchessopen.com Benidorm (Spain)"]
[Date "2011.12.05"]
[Round "1"]
[White "Savina Anastasia (RUS)"]
[Black "Nicolas Zapata Irene (ESP)"]
[Result "1-0"]
[WhiteElo "2343"]
[BlackElo "2071"]

1.d4 Nf6 2.c4 e6 3.Nc3 Bb4 4.e3 b6 5.Ne2 Bb7 6.a3 Bd6 7.d5 exd5 8.cxd5 O-O
9.g3 a5 10.Bg2 Re8 11.O-O Na6 12.Rb1 Nc5 13.b4 axb4 14.axb4 Nce4 15.Nxe4 Nxe4
16.Bb2 Qg5 17.Nc3 Nxc3 18.Bxc3 Ra3 19.Bb2 Ra2 20.Qb3 Rea8 21.Ra1 Rxa1 22.Bxa1
Qe7 23.Bb2 Ra7 24.b5 Be5 25.Rc1 Bxb2 26.Qxb2 Qd6 27.e4 f6 28.f4 Bc8 29.e5 fxe5
30.fxe5 Qh6 31.Kh1 Ra2 32.Qc3 Ra7 33.d6 Qe6 34.dxc7 Ra2 35.Rd1 Qg4 36.Qb3+ Kh8
37.Rf1 {#r} 1-0

[Event "Ch Europe (active)"]
[Site "masterchessopen.com Warsaw (Poland)"]
[Date "2011.12.17"]
[Round "2"]
[White "Wojtaszek Radoslaw (POL)"]
[Black "Kudzma Laimonas (LTU)"]
[Result "1-0"]
[WhiteElo "2705"]
[BlackElo "2152"]

1.d4 Nf6 2.c4 e6 3.Nc3 Bb4 4.e3 b6 5.Ne2 Bb7 6.a3 Be7 7.Ng3 O-O 8.e4 d6 9.Be2
c5 10.d5 Re8 11.O-O Bf8 12.Be3 a6 13.Qd2 Nbd7 14.dxe6 fxe6 15.f4 b5 16.cxb5 d5
17.e5 d4 18.exf6 Nxf6 19.bxa6 Bxa6 20.Bxa6 dxc3 21.Qxd8 Rexd8 22.Bc4 {#r} 1-0

[Event "It (open)"]
[Site "masterchessopen.com Santa Cruz de Tenerife (Spain)"]
[Date "2011.12.18"]
[Round "1"]
[White "Hernandez Leon Sergio (ESP)"]
[Black "Rodriguez Redondo Ethan"]
[Result "1-0"]
[WhiteElo "2123"]
[BlackElo "1425"]

1.d4 Nf6 2.c4 e6 3.Nc3 Bb4 4.e3 b6 5.Ne2 O-O 6.a3 Be7 7.Nf4 Bb7 8.Bd3 d5
9.cxd5 Nxd5 10.Ncxd5 Bxd5 11.O-O c5 12.dxc5 Bxc5 13.Qc2 g6 14.b4 Be7 15.Rd1
Qe8 16.Bb2 Bb7 17.Qc3 f6 18.Nxe6 Rf7 19.Nc7 Qc6 20.Qxc6 Nxc6 21.Nxa8 Bxa8
22.Bc4 Bb7 23.Rd7 Bc8 24.Rc7 Kg7 25.Rxc8 Ne5 26.Bxe5 fxe5 27.Bxf7 Kxf7 28.Rc7
Kf6 29.Rxa7 Kf5 30.Rxe7 e4 31.Rxh7 g5 32.a4 g4 33.a5 bxa5 34.bxa5 Kg5 35.a6
Kg6 36.Rb7 Kf5 37.Rb5+ Kf6 38.a7 Ke6 39.Rb7 {#r} 1-0

[Event "Ch Germany (juniors) (club) (under 20)"]
[Site "masterchessopen.com Osnabrueck (Germany)"]
[Date "2011.12.28"]
[Round "3"]
[White "Zimmermann Ulrich"]
[Black "Huschenbeth Niclas (GER)"]
[Result "0-1"]
[WhiteElo "2183"]
[BlackElo "2518"]

1.d4 Nf6 2.c4 e6 3.Nc3 Bb4 4.e3 b6 5.Ne2 Bb7 6.a3 Bd6 7.Qd3 c5 8.e4 cxd4
9.Nxd4 Be5 10.f4 Bxd4 11.Qxd4 O-O 12.Bd3 Nc6 13.Qf2 d5 14.cxd5 exd5 15.e5 d4
16.Nb5 Ne8 17.Be4 Nxe5 18.Bxh7+ Kxh7 19.fxe5 Qd5 20.Nxd4 Qxe5+ 21.Be3 Bxg2
22.Rg1 Be4 23.Rg5 f5 24.Ke2 Kg8 25.Rag1 Rd8 26.Qg3 Qxg3 27.R5xg3 Rc8 28.Rf1
Nd6 29.Bf4 Nf7 30.Rg6 Kh7 31.Re6 Bd5 32.Re7 Bc4+ 33.Kf2 Bxf1 34.Kxf1 Rce8
35.Rxa7 Ne5 36.Rb7 Rf6 37.Bd2 Nc4 38.Bg5 Rg6 39.Bf4 Nxb2 40.Nxf5 Rf8 {#R} 0-1

[Event "Ch Poland (team) (3 liga)"]
[Site "masterchessopen.com Poland"]
[Round "5"]
[White "Szuminski Marek (POL)"]
[Black "Wojtkowski Pawel"]
[Result "1-0"]
[WhiteElo "2020"]
[BlackElo "1974"]

1.d4 Nf6 2.c4 e6 3.Nc3 Bb4 4.e3 b6 5.Ne2 Bb7 6.a3 Bxc3+ 7.Nxc3 O-O 8.Qc2 d6
9.Bd2 Nbd7 10.e4 c5 11.d5 exd5 12.exd5 Re8+ 13.Be2 Ne5 14.O-O a6 15.Rae1 Bc8
16.Bg5 h6 17.Bh4 Ng6 18.Bg3 Ne7 19.Bd3 Nh5 20.Bh4 Nf4 21.Bh7+ Kh8 22.Be4 Qc7
23.Qd2 Nfg6 24.Bxe7 Nxe7 25.Qf4 Kg8 26.Bb1 f5 27.Qh4 Bb7 28.Re6 Qd7 29.Qg3
Rad8 30.Rxh6 f4 31.Qg5 Rf8 32.Re6 Rf7 33.Rfe1 Nc8 34.Qh5 {#r} 1-0

[Event "Ch Denmark (team) 2011/12"]
[Site "masterchessopen.com Denmark"]
[Date "2012.01.29"]
[Round "6"]
[White "Bekker-Jensen Simon (DEN)"]
[Black "Glud Jacob Vang (DEN)"]
[Result "1-0"]
[WhiteElo "2393"]
[BlackElo "2487"]

1.d4 Nf6 2.c4 e6 3.Nc3 Bb4 4.e3 b6 5.Ne2 Bb7 6.a3 Bd6 7.d5 O-O 8.g3 c6 9.Bg2
Qe7 10.O-O Na6 11.Nd4 Rfc8 12.Re1 cxd5 13.cxd5 Rab8 14.e4 Be5 15.Ndb5 Ne8
16.Be3 Nd6 17.Nxd6 Qxd6 18.Nb5 Qf8 19.Nxa7 Re8 20.Rb1 exd5 21.exd5 Nc7 22.Bxb6
Qd6 23.Bxc7 Qxc7 24.Nb5 Qc5 25.Nc3 Bxc3 26.bxc3 Qxc3 27.Rxe8+ Rxe8 28.Rxb7
{#r} 1-0

[Event "Ch Basque Teams"]
[Site "masterchessopen.com Bergara (Spain)"]
[Date "2012.02.04"]
[Round "4"]
[White "Cruz-Lopez Claret Carlos (ESP)"]
[Black "Salinero De Prado Juan M (ESP)"]
[Result "1-0"]
[WhiteElo "2334"]
[BlackElo "2141"]

1.d4 Nf6 2.c4 e6 3.Nc3 Bb4 4.e3 b6 5.Ne2 Bb7 6.a3 Be7 7.d5 e5 8.Ng3 O-O 9.Bd3
d6 10.O-O Nbd7 11.f4 exf4 12.exf4 Re8 13.Qf3 Nc5 14.Bc2 a6 15.b4 Ne6 16.Be3 b5
17.cxb5 axb5 18.Nf5 Nf8 19.Bd4 Ng6 20.g4 Qd7 21.g5 c5 22.dxc6 Bxc6 23.Qh3 {#r}
1-0

[Event "Ch City"]
[Site "masterchessopen.com Klaipeda (Lithuania)"]
[Date "2012.02.25"]
[Round "9"]
[White "Jocys Dalius (LTU)"]
[Black "Beliajeva Olga (LTU)"]
[Result "1-0"]
[WhiteElo "2204"]
[BlackElo "1953"]

1.d4 Nf6 2.c4 e6 3.Nc3 Bb4 4.e3 b6 5.Ne2 Bb7 6.a3 Be7 7.Nf4 h6 8.d5 e5 9.Nd3
d6 10.Be2 a5 11.O-O O-O 12.b3 Nh7 13.e4 Nd7 14.Bb2 Nc5 15.b4 Nxd3 16.Bxd3 Bc8
17.Qc2 Bd7 18.Ne2 g5 19.c5 dxc5 20.Bxe5 Bf6 21.Bxf6 Nxf6 22.bxc5 Re8 23.c6 Bc8
24.f3 Re5 25.Qc3 Qe7 26.Ng3 Ne8 27.f4 gxf4 28.Rxf4 Rg5 29.Raf1 Nd6 30.Rf6 Ba6
31.Rxh6 Qe5 32.Qxe5 Rxe5 33.Bxa6 Rxa6 34.Rxd6 cxd6 35.c7 Re8 36.Nf5 {#r} 1-0

[Event "It (cat.2)"]
[Site "masterchessopen.com Chern (Russia)"]
[Date "2012.03.22"]
[Round "9"]
[White "Krutov Alexander (RUS)"]
[Black "Babaev Talyb (AZE)"]
[Result "0-1"]
[WhiteElo "2001"]
[BlackElo "2344"]

1.d4 Nf6 2.c4 e6 3.Nc3 Bb4 4.e3 b6 5.Ne2 Ne4 6.Qc2 Bb7 7.a3 Bxc3+ 8.Nxc3 Nxc3
9.Qxc3 O-O 10.Qc2 Qh4 11.b4 a5 12.Bb2 axb4 13.axb4 Nc6 14.b5 Rxa1+ 15.Bxa1 Ne7
16.Bc3 f5 17.h3 f4 18.Bd2 fxe3 19.Bxe3 Nf5 20.Qd2 Ra8 {#R} 0-1

[Event "Ch Asia (w)"]
[Site "masterchessopen.com Ho Chi Minh City (Vietnam)"]
[Date "2012.05.13"]
[Round "9"]
[White "Ton Nu Hong An (VIE)"]
[Black "Virda Rizka Aulia (INA)"]
[Result "1-0"]
[WhiteElo "1987"]
[BlackElo "1769"]

1.d4 e6 2.c4 Nf6 3.Nc3 Bb4 4.e3 b6 5.Ne2 Bb7 6.a3 Bxc3+ 7.Nxc3 O-O 8.Bd3 Bxg2
9.Rg1 Bb7 10.e4 Kh8 11.Bg5 h6 12.Bh4 g5 13.Qd2 Nh7 14.Bg3 d6 15.e5 dxe5
16.dxe5 Nc6 17.O-O-O Nd4 18.Qe3 c5 19.Nb5 a6 20.Nxd4 cxd4 21.Qe2 Rg8 22.Qh5
Qf8 23.Bxh7 Kxh7 24.Rxd4 Bc6 25.h4 Qe7 26.Qd1 Rad8 27.Qd3+ Kh8 28.Rd1 Rc8
29.f3 b5 30.hxg5 Qxg5+ 31.Bf4 Qg6 32.Rh1 h5 33.Qc3 bxc4 34.Rd2 Qf5 35.Qe3 Kg7
36.Rg2+ Kf8 37.Qc5+ Ke8 38.Rxg8+ Kd7 39.Qd6# 1-0

[Event "It \"]
[Site "masterchessopen.com Golden Sands (Bulgaria)"]
[Date "2012.06.08"]
[Round "5"]
[White "Kanarek Marcel (POL)"]
[Black "Akopian Vladimir (ARM)"]
[Result "0-1"]
[WhiteElo "2484"]
[BlackElo "2697"]

1.d4 Nf6 2.c4 e6 3.Nc3 Bb4 4.e3 b6 5.Ne2 Bb7 6.a3 Bd6 7.b4 O-O 8.Bb2 a5 9.b5
c5 10.bxc6 dxc6 11.e4 e5 12.d5 b5 13.dxc6 Nxc6 14.cxb5 Nd4 15.Ng3 h5 16.Bd3 h4
17.Nh5 Nh7 18.Nd5 Bxd5 19.Qg4 Ng5 20.Bc1 Be6 21.Qxg5 Qxg5 22.Bxg5 Bg4 23.Nxg7
Kxg7 24.Bxh4 Rfc8 25.f3 Bxf3 26.O-O Rc3 27.Bb1 Be2 {#R} 0-1

[Event "Memorial Svein Johannessen (open)"]
[Site "masterchessopen.com Oslo (Norway)"]
[Date "2012.06.22"]
[Round "1"]
[White "Urkedal Frode (NOR)"]
[Black "Haug Johannes (NOR)"]
[Result "1-0"]
[WhiteElo "2439"]
[BlackElo "1886"]

1.d4 Nf6 2.c4 e6 3.Nc3 Bb4 4.e3 b6 5.Ne2 O-O 6.a3 Bxc3+ 7.Nxc3 d6 8.Bd3 Nbd7
9.O-O e5 10.b4 a5 11.Bb2 Bb7 12.d5 Re8 13.e4 Qe7 14.Rc1 h6 15.Qe2 Nh7 16.g3
Nhf8 17.Nb5 Rec8 18.f4 Ng6 19.f5 Nh8 20.Rc2 Ba6 21.Nc3 g5 22.Qh5 Kg7 23.Bc1 f6
24.h4 Qe8 25.Qf3 Nf7 26.Rh2 {#r} 1-0

[Event "Ch Sweden"]
[Site "masterchessopen.com Falun (Sweden)"]
[Date "2012.07.13"]
[Round "7"]
[White "Blomqvist Erik (SWE)"]
[Black "Lindberg Bengt (SWE)"]
[Result "0-1"]
[WhiteElo "2457"]
[BlackElo "2409"]

1.d4 Nf6 2.c4 e6 3.Nc3 Bb4 4.e3 b6 5.Ne2 Ne4 6.Bd2 Nxd2 7.Qxd2 Bb7 8.a3 Bxc3
9.Nxc3 O-O 10.d5 d6 11.Bd3 Nd7 12.O-O e5 13.f4 exf4 14.exf4 Nf6 15.Nb5 a6
16.Nd4 b5 17.cxb5 Bxd5 18.bxa6 c5 19.Nf5 c4 20.Be2 Re8 21.Rac1 Be6 22.Ne3 d5
23.Rfd1 Qb6 24.Qd4 Rxa6 25.Bf3 g6 26.Rc2 Rb8 27.g4 Qxd4 28.Rxd4 Rab6 29.g5 Rb3
30.gxf6 Rxe3 31.Bxd5 Rd3 32.Rd2 Rxd2 33.Rxd2 Rd8 {#R} 0-1

[Event "It (open)"]
[Site "masterchessopen.com Pardubice (Czech Republic)"]
[Date "2012.07.21"]
[Round "2"]
[White "Feldtmann Thomas (GER)"]
[Black "Toth Ervin (HUN)"]
[Result "0-1"]
[WhiteElo "2257"]
[BlackElo "2477"]

1.d4 Nf6 2.c4 e6 3.Nc3 Bb4 4.e3 b6 5.Ne2 O-O 6.a3 Be7 7.e4 d5 8.e5 Ne4 9.Ng3
f5 10.cxd5 exd5 11.Ngxe4 fxe4 12.Qb3 Be6 13.Nxe4 c5 14.dxc5 bxc5 15.Qb7 Nd7
16.Qc6 Qb6 17.Qxb6 axb6 18.Ng5 Bxg5 19.Bxg5 Nxe5 20.Be2 h6 21.Bd2 d4 22.O-O
Bc4 23.Rfe1 Bxe2 24.Rxe2 Nd3 25.b3 b5 {#R} 0-1

[Event "It (open)"]
[Site "masterchessopen.com Andorra la Vella (Andorra)"]
[Date "2012.07.27"]
[Round "7"]
[White "Silva Rodriguez Fernando (ESP)"]
[Black "Alexandrova Olga (ESP)"]
[Result "0-1"]
[WhiteElo "2179"]
[BlackElo "2417"]

1.d4 Nf6 2.c4 e6 3.Nc3 Bb4 4.e3 b6 5.Ne2 Bb7 6.Ng3 O-O 7.f3 c5 8.a3 cxd4
9.exd4 Bxc3+ 10.bxc3 d6 11.Bd3 Nc6 12.Ne4 Nxe4 13.fxe4 e5 14.O-O exd4 15.cxd4
Nxd4 16.Bb2 Nc6 17.Qh5 Ne5 18.Qe2 Rc8 19.Rac1 Qe7 20.Bb1 Ba6 21.Ba2 Qe6
22.Bxe5 dxe5 23.Rfd1 Rfd8 24.Qb2 Rxd1+ 25.Rxd1 Bxc4 26.Bxc4 Qxc4 27.Qxe5 Qb3
28.Ra1 Qe3+ 29.Kf1 h6 30.Qf5 Qd3+ {#R} 0-1

[Event "Ch Netherlands (open)"]
[Site "masterchessopen.com Dieren (Netherlands)"]
[Date "2012.07.30"]
[Round "6"]
[White "Maatman Nick (NED)"]
[Black "Van Liempt Michael (NED)"]
[Result "1-0"]
[WhiteElo "2123"]
[BlackElo "1954"]

1.d4 Nf6 2.c4 e6 3.Nc3 Bb4 4.e3 b6 5.Ne2 Bb7 6.a3 Bxc3+ 7.Nxc3 O-O 8.Bd3 d6
9.e4 e5 10.d5 Nbd7 11.Bg5 h6 12.Be3 a5 13.g4 Nh7 14.h4 Nc5 15.Bc2 f6 16.Qe2
Bc8 17.O-O-O g5 18.hxg5 hxg5 19.Rh2 Rf7 20.Rdh1 Qd7 21.Bd2 a4 22.Nd1 c6 23.Ne3
Qc7 24.Kb1 Ra7 25.Bc3 Qd8 26.Rh6 Nd7 27.dxc6 Ndf8 28.Nd5 Be6 29.Bb4 Qc8
30.Bxd6 Qxc6 31.Bb4 Rab7 32.f3 Ra7 33.Bd3 Bc8 34.Qh2 Ne6 35.Rxh7 Rxh7 36.Nxf6+
Kh8 37.Qxh7+ Rxh7 38.Rxh7# 1-0

[Event "It \"]
[Site "masterchessopen.com Helsingor (Denmark)"]
[Date "2012.07.30"]
[Round "4"]
[White "Zude Erik Dr (GER)"]
[Black "Timman Jan H (NED)"]
[Result "1-0"]
[WhiteElo "2384"]
[BlackElo "2575"]

1.d4 Nf6 2.c4 e6 3.Nc3 Bb4 4.e3 b6 5.Ne2 Bb7 6.a3 Bd6 7.d5 exd5 8.cxd5 O-O
9.g3 Re8 10.Bg2 Na6 11.O-O Nc5 12.Qc2 a5 13.b3 Qe7 14.Nd4 g6 15.Bb2 Rac8
16.Rad1 Nce4 17.Ndb5 Ba6 18.Nxd6 cxd6 19.Rfe1 Nxc3 20.Bxc3 Ng4 21.Qd2 Rc7
22.f4 Rec8 23.Rc1 h5 24.Bd4 Rxc1 25.Rxc1 Rb8 26.e4 Kh7 27.Rc7 Qd8 28.Qc3 h4
29.Bf3 f5 30.Qc6 Bb5 31.Qxd6 Nh6 32.a4 Nf7 33.Qf6 Qxf6 34.Bxf6 Bd3 35.Rxd7 Kg8
36.e5 {#r} 1-0